Movies Quiz

Random Movies or Director Quiz

Robert Zemeckis Movies Quiz Stats

 Plays Quiz Updated Feb 28, 2020

Support Sporcle.
Go Orange.
Score 0/20 Timer 04:00
0 Plays Today
Year Movie Title % Correct
1985Back to the Future
82%
1994Forrest Gump
79.3%
1989Back to the Future part II
75%
1990Back to the Future part III
74.2%
2004The Polar Express
52.1%
2000Cast Away
49.9%
2012Flight
48%
2015The Walk
41.2%
1988Who Framed Roger Rabbit
40%
2018Welcome to Marwen
38.9%
Year Movie Title % Correct
2007Beowulf
37.5%
2020The Witches
35.8%
2016Allied
33.4%
2000What Lies Beneath
27.8%
2009A Christmas Carol
25%
1997Contact
23.9%
1984Romancing the Stone
22%
1992Death Becomes Her
20.9%
1980Used Cars
19.8%
1978I Wanna Hold Your Hand
15%

From the Vault

Words De'TACH'ed

by joshas87

We've snatched out a few syllables from this quiz.
Remove Ads.
Support Sporcle.
Get the best of Sporcle when you Go Orange. This ad-free experience offers more features, more stats, and more fun while also helping to support Sporcle. Thank you for becoming a member.

Show Comments

Extras

Top Quizzes Today


Score Distribution

Your Account Isn't Verified!

In order to create a playlist on Sporcle, you need to verify the email address you used during registration. Go to your Sporcle Settings to finish the process.

Report this User

Report this user for behavior that violates our Community Guidelines.

Details: